| Tag |
First Indicator |
Second Indicator |
Subfields |
| LEADER |
00000nmm a22000001a 4500 |
| 001 |
in00004612331 |
| 006 |
m|||||o||m|||||||| |
| 007 |
cr|cn |||uuuuu |
| 008 |
221118s2013 xxu||||eo|||| ||||||eng d |
| 005 |
20221207214104.0 |
| 035 |
|
|
|a (TxWaIVM)IV37561ArGe
|
| 040 |
|
|
|a TxWaIVM
|c TxWaIVM
|
| 245 |
0 |
0 |
|a Gene Simmons Comics Anthology Vol #2 /
|c powered by Library Pass.
|
| 260 |
3 |
|
|a [United States] :
|b Arcana,
|c 2013.
|
| 300 |
|
|
|a 1 online resource.
|
| 336 |
|
|
|a text
|b txt
|2 rdacontent
|
| 337 |
|
|
|a computer
|b c
|2 rdamedia
|
| 338 |
|
|
|a online resource
|b cr
|2 rdacarrier
|
| 520 |
|
|
|a Arcana Comics and Simmons Comics Group are proud to present this special anthology, featuring the second chapters of Zipper, Dominatrix, and Gene Simmons House of Horrors, as well as the second chapter of the first ever crossover between Zipper and Dominatrix, The Slave Trade.
|
| 521 |
|
|
|a 3
|
| 538 |
|
|
|a Requires a valid library card and registration for new users.
|
| 538 |
|
|
|a Mode of access: World Wide Web.
|
| 538 |
|
|
|a System requirements: Flash 10.1 or higher, Windows XP and higher, Internet Explorer 7 and higher, Firefox 3.6 and higher, Google Chrome; Max OS 10.5 and higher, Safari 4 and higher.
|
| 650 |
|
0 |
|a Comic books, strips, etc.
|
| 655 |
|
7 |
|a Electronic books.
|2 local
|
| 655 |
|
7 |
|a Comic books, strips, etc.
|2 gsafd
|
| 650 |
|
0 |
|a Fantasy comic books, strips, etc.
|
| 655 |
|
7 |
|a Fantasy comic books, strips, etc.
|2 gsafd
|
| 650 |
|
0 |
|a Horror comic books, strips, etc.
|
| 655 |
|
7 |
|a Horror comic books, strips, etc.
|2 gsafd
|
| 700 |
1 |
|
|a Hendrix, Erik.
|e writer.
|
| 700 |
1 |
|
|a Taylor , Sean.
|e writer.
|
| 700 |
1 |
|
|a Waltz , Tom.
|e writer.
|
| 700 |
1 |
|
|a Various , .
|e writer.
|
| 700 |
1 |
|
|a Maloney, Casey.
|e artist.
|
| 700 |
1 |
|
|a Maloney , .
|e artist.
|
| 700 |
1 |
|
|a Various , .
|e artist.
|
| 710 |
2 |
|
|a Library Pass, LLC.
|
| 856 |
4 |
0 |
|u http://proxy.library.tamu.edu/login?url=https://tamu.librarypass.com/product/com.iversecomics.arcana.gene.simmons.comics.anthology.vol.two.06152013
|z Connect to this electronic book (First time users create your free account)
|t 0
|
| 955 |
|
|
|a Comics Plus.
|
| 999 |
f |
f |
|s ff40010f-acd9-41c3-8ede-5724bd1393ee
|i 0a817eeb-d610-4cad-a13c-99266504663e
|t 0
|
| 952 |
f |
f |
|a Texas A&M University
|b College Station
|c Electronic Resources
|d Available Online
|t 0
|h Library of Congress classification
|
| 998 |
f |
f |
|t 0
|l Available Online
|